| 000 | 00611nam a22001937a 4500 | ||
|---|---|---|---|
| 020 | _a000383400X | ||
| 082 |
_a690 _bBAR _cL-14, P-167 |
||
| 100 |
_aBarry, R. _945018 |
||
| 245 |
_aThe construction of buildings _cBarry, R. |
||
| 250 | _a3rd ed. | ||
| 260 |
_aLondon _bEnglish language book society _c1984 c. |
||
| 300 |
_avii, 96 p. _bill. _c28 cm |
||
| 500 | _aV.3. Single-storey frames, shells and lightweight coverings | ||
| 526 |
_a0 _b0 _c0 _d690_000000000000000_BAR |
||
| 526 |
_a0 _b0 _c0 _d690_000000000000000_BAR |
||
| 526 |
_a0 _b0 _c0 _d690_000000000000000_BAR |
||
| 650 |
_aMCE _9379 |
||
| 942 |
_2ddc _cBK |
||
| 999 |
_c548630 _d548630 |
||